[Event "FRA-ch op-A"]
[Site "Aix les Bains"]
[Date "2007.08.14"]
[Round "1"]
[White "Brethes, Francois"]
[Black "Lefebvre, Jean Pierre"]
[Result "1/2-1/2"]
[WhiteElo "2180"]
[BlackElo "2047"]
[PlyCount "54"]
[EventDate "2007.08.13"]
[EventType "swiss"]
[EventRounds "11"]
[EventCountry "FRA"]
[SourceTitle "CBM 120 Extra"]
[Source "ChessBase"]
[SourceDate "2007.11.01"]
[SourceVersion "1"]
[SourceVersionDate "2007.11.01"]
[SourceQuality "1"]

1. d4 d5 2. Nf3 c6 3. c4 dxc4 4. Nc3 e6 5. e4 b5 6. a4 Bb4 7. Bd2 Nf6 8. e5 Nd5 9. Ne4 Be7 10. axb5 cxb5 11. b3 Nb6 12. bxc4 bxc4 13. Bxc4 Nxc4 14. Qa4+ Nd7 15. Qxc4 Nb6 16. Qd3 h6 17. 0-0 0-0 18. Rfb1 Bb7 19. Bb4 Bxe4 20. Qxe4 Bxb4 21. Rxb4 a5 22. Rb5 Nd5 23. Qd3 Qc7 24. Nd2 Qc3 25. Qxc3 Nxc3 26. Rbxa5 Rxa5 27. Rxa5 Ne2+ 1/2-1/2

[Event "FRA-chT2 East 0607"]
[Site "France"]
[Date "2007.01.20"]
[Round "5.4"]
[White "Schartz, Alain"]
[Black "Lefebvre, Jean Pierre"]
[Result "1-0"]
[WhiteElo "2154"]
[BlackElo "2045"]
[PlyCount "111"]
[EventDate "2006.10.15"]
[EventType "team-tourn"]
[EventRounds "11"]
[EventCountry "FRA"]
[SourceTitle "EXT 2008"]
[Source "ChessBase"]
[SourceDate "2007.11.25"]
[SourceVersion "1"]
[SourceVersionDate "2007.11.25"]
[SourceQuality "1"]
[WhiteTeam "Metz Fischer II"]
[BlackTeam "Selestat"]
[WhiteTeamCountry "FRA"]
[BlackTeamCountry "FRA"]

1. e4 c5 2. Nf3 e6 3. c3 Nc6 4. d4 d5 5. exd5 exd5 6. Bb5 Bd6 7. dxc5 Bxc5 8. 0-0 Nge7 9. Bg5 0-0 10. Nbd2 Bg4 11. Qa4 Qc8 12. Rfe1 Ng6 13. Nb3 Bb6 14. Nbd4 f6 15. Be3 Nce5 16. Nd2 a6 17. Bf1 Bc5 18. Qb3 Ne7 19. Rac1 b5 20. a4 Nc4 21. axb5 axb5 22. h3 Bd7 23. N2f3 Nc6 24. Nxc6 Qxc6 25. Bxc5 Qxc5 26. Qc2 Ra2 27. Rb1 Rfa8 28. Bxc4 bxc4 29. Nd4 Rb8 30. Re2 Ba4 31. Qc1 Re8 32. Rxe8+ Bxe8 33. Ra1 Qa7 34. Rxa2 Qxa2 35. Qe3 Bf7 36. Qe7 Qb1+ 37. Kh2 Qe4 38. Qxe4 dxe4 39. Kg3 g6 40. Kf4 Bd5 41. g3 Kf7 42. Nc2 Ke6 43. Ne3 h6 44. h4 h5 45. Nc2 Kd6 46. Na3 Ke6 47. Nb1 Kd6 48. Nd2 f5 49. Kg5 Ke5 50. Kxg6 f4 51. Nf1 e3 52. gxf4+ Kxf4 53. Nxe3 Be6 54. Kxh5 Bf7+ 55. Kh6 Kf3 56. Kg7 1-0

[Event "FRA-chT2D 0506"]
[Site "France"]
[Date "2006.03.12"]
[Round "9.4"]
[White "Julian, Stephane"]
[Black "Lefebvre, Jean Pierre"]
[Result "1-0"]
[WhiteElo "2178"]
[BlackElo "2050"]
[PlyCount "111"]
[EventDate "2005.10.27"]
[EventType "team-tourn"]
[EventRounds "11"]
[EventCountry "FRA"]
[SourceTitle "EXT 2006"]
[Source "ChessBase"]
[SourceDate "2005.11.24"]
[SourceVersion "1"]
[SourceVersionDate "2005.11.24"]
[SourceQuality "1"]
[WhiteTeam "Nancy"]
[BlackTeam "Selestat"]
[WhiteTeamCountry "FRA"]
[BlackTeamCountry "FRA"]

1. e4 c5 2. Nf3 Nc6 3. Bb5 e6 4. Bxc6 bxc6 5. 0-0 Ne7 6. b3 d5 7. d3 Ng6 8. Bb2 f6 9. Re1 Bd6 10. Nbd2 0-0 11. e5 fxe5 12. Nxe5 Nxe5 13. Bxe5 Bxe5 14. Rxe5 Rf5 15. Nf3 Qf6 16. Qe2 Bd7 17. Re1 Rf8 18. Rxf5 exf5 19. Qe7 Qxe7 20. Rxe7 Rf7 21. Rxf7 Kxf7 22. Ne5+ Ke7 23. f4 Kd6 24. Kf2 Be6 25. c4 Bd7 26. Ke2 Be8 27. Kd2 Kc7 28. Nf3 Bf7 29. Nh4 Be6 30. Nf3 Bf7 31. Ne5 Be8 32. Ke3 Kd6 33. cxd5 cxd5 34. d4 Bb5 35. a3 a5 36. dxc5+ Kxc5 37. Nd3+ Kd6 38. Kd4 Ba6 39. Nc5 Bc8 40. Nd3 Ba6 41. Nb2 Bf1 42. g3 Be2 43. h4 Bf3 44. Nd3 Bd1 45. b4 axb4 46. Nxb4 Bb3 47. Nd3 Kc6 48. Nc5 Bc4 49. Ne6 g6 50. Nf8 Be2 51. Nxh7 Kb5 52. Nf8 Ka4 53. Nxg6 Kxa3 54. Ne7 Bg4 55. Nxd5 Kb3 56. Nf6 1-0

[Event "Bethune op-B 25th"]
[Site "Bethune"]
[Date "2004.12.30"]
[Round "7"]
[White "Holland, Christophe"]
[Black "Lefebvre, Jean Pierre"]
[Result "1/2-1/2"]
[WhiteElo "1787"]
[BlackElo "1620"]
[PlyCount "56"]
[EventDate "2004.12.26"]
[EventType "swiss"]
[EventRounds "7"]
[EventCountry "FRA"]
[SourceTitle "EXT 2006"]
[Source "ChessBase"]
[SourceDate "2005.11.24"]
[SourceVersion "1"]
[SourceVersionDate "2005.11.24"]
[SourceQuality "1"]

1. d4 e6 2. c4 d5 3. cxd5 exd5 4. Nf3 Nf6 5. Nc3 Bf5 6. Qb3 b6 7. Bg5 c6 8. Rc1 Be7 9. e3 0-0 10. Ne5 Nfd7 11. Bxe7 Qxe7 12. Bd3 Qg5 13. Bxf5 Qxf5 14. Nxc6 Nxc6 15. Nxd5 Nxd4 16. exd4 Qe4+ 17. Ne3 Nf6 18. 0-0 Qxd4 19. Rfd1 Qe5 20. Rc3 Ne4 21. Rcd3 Nc5 22. Rd5 Nxb3 23. Rxe5 Nc5 24. b4 Ne6 25. Rd7 Rfd8 26. Red5 Kf8 27. g3 Ke8 28. Rxd8+ Rxd8 1/2-1/2

[Event "FRA-chT2 0405"]
[Site "France"]
[Date "2004.11.06"]
[Round "2.6"]
[White "Zaragoza, Serge"]
[Black "Lefebvre, Jean Pierre"]
[Result "1/2-1/2"]
[WhiteElo "2055"]
[BlackElo "2002"]
[PlyCount "41"]
[EventDate "2004.10.10"]
[EventType "team-tourn"]
[EventRounds "11"]
[EventCountry "FRA"]
[SourceTitle "EXT 2006"]
[Source "ChessBase"]
[SourceDate "2005.11.24"]
[SourceVersion "1"]
[SourceVersionDate "2005.11.24"]
[SourceQuality "1"]

1. Nf3 Nf6 2. c4 c6 3. b3 d5 4. Bb2 e6 5. d3 Nbd7 6. Nbd2 Bd6 7. d4 Ne4 8. Qc2 f5 9. e3 Ndf6 10. Ne5 Qa5 11. a3 Qxd2+ 12. Qxd2 Nxd2 13. Kxd2 a5 14. Bd3 Rf8 15. f3 Nd7 16. Rhe1 Nxe5 17. dxe5 Be7 18. Re2 Bd7 19. e4 fxe4 20. fxe4 dxc4 21. Bxc4 1/2-1/2

[Event "FRA-chT2 0405"]
[Site "France"]
[Date "2004.10.10"]
[Round "1.7"]
[White "Lefebvre, Jean Pierre"]
[Black "Cordier, Arnaud"]
[Result "1/2-1/2"]
[WhiteElo "2002"]
[BlackElo "2010"]
[PlyCount "45"]
[EventDate "2004.10.10"]
[EventType "team-tourn"]
[EventRounds "11"]
[EventCountry "FRA"]
[SourceTitle "EXT 2006"]
[Source "ChessBase"]
[SourceDate "2005.11.24"]
[SourceVersion "1"]
[SourceVersionDate "2005.11.24"]
[SourceQuality "1"]
[WhiteTeam "Selestat"]
[WhiteTeamCountry "FRA"]

1. e4 c5 2. Nc3 Nc6 3. f4 g6 4. Nf3 Bg7 5. Bc4 d6 6. d3 e6 7. 0-0 Nge7 8. Qe1 0-0 9. f5 exf5 10. Qh4 h5 11. g4 fxg4 12. Ng5 Ne5 13. Nxf7 Rxf7 14. Rxf7 Nxc4 15. Rxe7 Bd4+ 16. Be3 Bxe3+ 17. Kg2 g5 18. Qxh5 Qxe7 19. Qg6+ Qg7 20. Qe8+ Qf8 21. Qg6+ Kh8 22. Rf1 Bf4 23. dxc4 1/2-1/2

[Event "Bethune op-B 24th"]
[Site "Bethune"]
[Date "2003.12.27"]
[Round "3"]
[White "Lefebvre, Jean Pierre"]
[Black "Benoit, Guy"]
[Result "0-1"]
[WhiteElo "1590"]
[BlackElo "1730"]
[PlyCount "94"]
[EventDate "2003.12.26"]
[EventType "swiss"]
[EventRounds "9"]
[EventCountry "FRA"]
[SourceTitle "EXT 2005"]
[Source "ChessBase"]
[SourceDate "2004.11.15"]
[SourceVersion "1"]
[SourceVersionDate "2004.11.15"]
[SourceQuality "1"]

1. e4 e5 2. Nf3 Nc6 3. Bb5 Bc5 4. c3 Nge7 5. d4 exd4 6. cxd4 Bb4+ 7. Nc3 a6 8. Ba4 d5 9. e5 Bg4 10. Be3 b5 11. Bc2 Ng6 12. h3 Be6 13. 0-0 Nce7 14. Bg5 Qd7 15. a4 c6 16. axb5 cxb5 17. Nxb5 0-0 18. Nc3 Nf5 19. Ne2 h6 20. Bd2 Be7 21. Bxf5 Bxf5 22. Nf4 Nxf4 23. Bxf4 g5 24. Be3 Kh7 25. Nh2 Rh8 26. Qh5 Bg6 27. Qg4 Qb5 28. Ra2 a5 29. Rfa1 Rhf8 30. Qd1 Rfc8 31. Bd2 Bc2 32. Qe1 a4 33. b4 Bb3 34. Ra3 Rab8 35. Rxb3 axb3 36. Qb1+ Kg7 37. Qxb3 Qc4 38. Qe3 Bxb4 39. Bxb4 Rxb4 40. Nf3 Rb3 41. Qe1 Qc2 42. e6 f6 43. Ra7+ Kg8 44. e7 Rb1 45. Rd7 Re8 46. Rd8 Rxe1+ 47. Nxe1 Qc6 0-1

[Event "IECC CL3-2002.36"]
[Site "IECC email"]
[Date "2002.11.30"]
[Round "?"]
[White "Spiekermann, Stefan"]
[Black "Lefebvre, Jean Pierre"]
[Result "1-0"]
[WhiteElo "1882"]
[BlackElo "1786"]
[PlyCount "89"]
[EventDate "2002.??.??"]
[EventType "tourn (corr)"]
[EventRounds "4"]
[SourceTitle "Corr 2008"]
[Source "ChessBase"]
[SourceDate "2008.06.24"]
[SourceVersion "1"]
[SourceVersionDate "2008.06.24"]
[SourceQuality "1"]

1. c4 e5 2. g3 Nf6 3. Bg2 Nc6 4. Nc3 d6 5. Nf3 g6 6. 0-0 Bg7 7. d4 0-0 8. d5 Ne7 9. c5 Ne8 10. cxd6 cxd6 11. a4 f5 12. Ng5 Nc7 13. Qb3 Rf6 14. Rd1 h6 15. Ne6 Nxe6 16. dxe6 e4 17. f3 exf3 18. Bxf3 Kh7 19. Bf4 Rxe6 20. a5 a6 21. Qa3 Nc6 22. Bxd6 Nd4 23. Bc5 Nxf3+ 24. exf3 Qc7 25. Nd5 Qf7 26. Nb6 Rxb6 27. Bxb6 Bd7 28. Re1 Bc6 29. Rad1 Re8 30. Rxe8 Qxe8 31. Kf2 Bb5 32. Rd2 Qc6 33. Qc5 Qe6 34. Qc7 Qc6 35. Qxc6 Bxc6 36. Ke3 h5 37. f4 Kh6 38. h4 Be4 39. Bd4 Bf8 40. Bc3 Bc5+ 41. Ke2 Bf8 42. Rd7 Bc6 43. Rf7 Bc5 44. Bf6 Bb5+ 45. Kd2 1-0

[Event "IECC P email"]
[Site "IECC email"]
[Date "2002.11.02"]
[Round "?"]
[White "Lefebvre, Jean Pierre"]
[Black "Montalvo Torres, Juan Gilberto"]
[Result "0-1"]
[WhiteElo "1941"]
[BlackElo "2073"]
[PlyCount "56"]
[EventDate "2002.??.??"]
[EventType "tourn (corr)"]
[EventRounds "6"]
[SourceTitle "Corr 2008"]
[Source "ChessBase"]
[SourceDate "2008.06.24"]
[SourceVersion "1"]
[SourceVersionDate "2008.06.24"]
[SourceQuality "1"]

1. d4 d5 2. c4 dxc4 3. Nc3 Nf6 4. Bg5 Ne4 5. Nxe4 Qd5 6. f3 Nc6 7. e3 e5 8. Nc3 Bb4 9. dxe5 Bxc3+ 10. bxc3 Qxe5 11. Bf4 Qxc3+ 12. Kf2 Nb4 13. Bxc7 Bf5 14. Ne2 Nd3+ 15. Kg3 Qf6 16. h3 Rc8 17. Nf4 Rxc7 18. Bxd3 cxd3 19. Qa4+ Rd7 20. Qxa7 Qe5 21. h4 0-0 22. e4 d2 23. exf5 Re8 24. Qa4 Rd4 25. Qa3 Qxf4+ 26. Kf2 Rde4 27. Qd3 Re2+ 28. Qxe2 Qd4+ 0-1

[Event "Aubervilliers sim"]
[Site "Aubervilliers"]
[Date "2002.01.26"]
[Round "?"]
[White "Bacrot, Etienne"]
[Black "Lefebvre, Jean Pierre"]
[Result "1-0"]
[WhiteElo "2649"]
[BlackElo "1910"]
[PlyCount "63"]
[EventDate "2002.01.26"]
[EventType "simul"]
[EventRounds "1"]
[EventCountry "FRA"]
[SourceTitle "CBM 086 Extra"]
[Source "ChessBase"]
[SourceDate "2002.03.14"]
[SourceVersion "1"]
[SourceVersionDate "2002.03.14"]
[SourceQuality "1"]

1. e4 e5 2. Nf3 Nf6 3. Nc3 Nc6 4. Bb5 Nd4 5. Bc4 Nxf3+ 6. Qxf3 d6 7. Nd5 c6 8. Nxf6+ Qxf6 9. Qxf6 gxf6 10. d3 Rg8 11. g3 Be6 12. Bxe6 fxe6 13. f4 Bh6 14. fxe5 Bxc1 15. Rxc1 fxe5 16. Ke2 Ke7 17. Rcf1 Raf8 18. c3 Rxf1 19. Rxf1 Rg6 20. Rf2 d5 21. Ke3 Rh6 22. Kf3 Kf7 23. Kg2+ Rf6 24. Rxf6+ Kxf6 25. g4 c5 26. c4 dxe4 27. dxe4 Kg6 28. h4 h6 29. Kf3 a5 30. Ke3 a4 31. Kd3 Kf6 32. Kc3 1-0